| 000 | 00410nam a2200133 a 4500 | ||
|---|---|---|---|
| 001 | 000040422 | ||
| 005 | 20201002034125.0 | ||
| 008 | 130823s2007 xxu 000 0 spa d | ||
| 020 | _a978155502372X | ||
| 040 |
_aDO-SdBNP _bspa _cBNPHU |
||
| 245 | 0 | 0 |
_aPrincipios de tecnología : _bcontexto e integración. |
| 260 |
_aTexas : _bCord Communications : _bFundación Inicia, _c2007. |
||
| 300 |
_a175 p. : _bil. ; _c29 cm. |
||
| 999 |
_c39912 _d39912 |
||